Indicators for monitoring national drug policies
Uloženo v:
| Hlavní autor: | |
|---|---|
| Korporativní autor: | |
| Médium: | Kniha |
| Vydáno: |
Geneva
World Health Organization Action programme on Essential Drugs
1994
|
| Témata: | |
| On-line přístup: | Visit NHRC Library |
| Tagy: |
Přidat tag
Žádné tagy, Buďte první, kdo otaguje tento záznam!
|
| LEADER | 00686nam a22001817a 4500 | ||
|---|---|---|---|
| 003 | 520 | ||
| 952 | |0 0 |1 0 |2 NLM |4 0 |6 QV_32_000000000000000_BRU_1994 |7 0 |9 1560 |a NHRC |b NHRC |c CART |d 2013-04-04 |l 0 |o QV 32/BRU/1994 |p 000520 |r 2013-04-04 |w 2013-04-04 |y BK | ||
| 999 | |c 1519 |d 1519 | ||
| 060 | |a QV 32 | ||
| 100 | |a Brudon-Jakobowicz, Pascale |9 1463 | ||
| 245 | |a Indicators for monitoring national drug policies | ||
| 260 | |a Geneva |b World Health Organization |b Action programme on Essential Drugs |c 1994 | ||
| 300 | |a 216p. ; | ||
| 500 | |a Book | ||
| 650 | |a Drug policies |9 1464 | ||
| 710 | |a Rainhorn, Jean-Daniel |a Reich, Michael R. |9 1465 | ||
| 856 | |u http://nhrc.gov.np/contact/ |y Visit NHRC Library | ||
| 942 | |2 NLM |c BK | ||